| 000 | nam a22 7a 4500 | ||
|---|---|---|---|
| 999 |
_c29249 _d29249 |
||
| 008 | 171123b xxu||||| |||| 00| 0 eng d | ||
| 020 | _a9788173815423 | ||
| 050 | _aPE 1112 .D37 2010 | ||
| 100 | _aDas, P. C. | ||
| 245 |
_aApplied English grammar and composition/ _c P. C. Das |
||
| 260 |
_aNew Delhi : _bNew Central Book Agency, _c2010. |
||
| 300 | _axv, 619p. : col. ill. ; 24 cm. | ||
| 650 | _aEnglish language--Grammar | ||
| 650 | _aEnglish language--Composition and exercises | ||
| 942 |
_2lcc _cBOOKS _hPE 1112 .D37 2010 _01 |
||